MARC

LEADER 00000nas a22000007i 4500
001 ssj0006731
003 WaSeSS
005 20200512172242.0
006 m d
007 cr n
008 920224c19919999maufr p s 0 a0eng
010 |a  2014203912 
022 |a 2376-6786  |l 1064-9506  |y 1064-9506 
035 |a (WaSeSS)ssj0006731 
040 |a QCL  |b eng  |c QCL  |d CUS  |d OCLCQ  |d NSD  |d TXH  |d GUA  |d OCLCQ  |d CGU  |d OCLCF  |d DLC  |d OCLCO  |d CRL  |d VT2  |d DLC  |d WaSeSS 
042 |a pcc  |a nsdp 
050 0 0 |a BF199  |b .B376 
082 0 0 |a 150.19/43  |2 20 
130 0 |a Behavior and social issues (Online) 
210 0 |a Behav. soc. issues  |b (Online) 
222 0 |a Behavior and social issues  |b (Online) 
245 1 0 |a Behavior and social issues  |h [electronic resource]. 
260 |a Cambridge, MA :  |b Cambridge Center for Behavioral Studies, 
260 3 |3 <2018-> :  |a [Cham] :  |b Springer Nature Switzerland AG 
310 |a Semiannual 
362 1 |a Began with: Volume 1, number 1 (spring/summer 1991) 
506 |a License restrictions may limit access. 
550 |a Published by: Cambridge Center for Behavioral Studies, 1991-2000; Behaviorists for Social Responsibility, 2001- 
588 |a Description based on: Volume 8, number 1 (Spring 1998); title from journal information page (Proquest website, viewed on December 17, 2014). 
588 |a Latest issue consulted: Volume 27, Issue 1 (May 2018) (Springer, viewed on June 07, 2019). 
650 0 |a Behaviorism (Psychology)  |x Social aspects  |v Periodicals. 
650 0 |a Social psychology  |v Periodicals. 
650 7 |a Behaviorism (Psychology)  |x Social aspects.  |2 fast  |0 (OCoLC)fst00829965 
650 7 |a Social psychology.  |2 fast  |0 (OCoLC)fst01122816 
655 0 |a Electronic journals. 
710 2 |a Cambridge Center for Behavioral Studies. 
710 2 |a Behaviorists for Social Responsibility. 
710 2 |a SPARC (Organization) 
740 0 |a Behavior & social issues. 
776 0 8 |i Print version:  |t Behavior and social issues  |x 1064-9506  |w (DLC) 92650111  |w (OCoLC)25323962 
780 0 0 |t Behavior analysis & social action  |x 1065-1047  |w (DLC) 92642403  |w (OCoLC)14079984 
856 4 0 |z Full text available from Research Library: 04/01/1998 to 04/30/1999  |u https://search.proquest.com/publication/32980 
856 4 0 |z Full text available from Research Library: 10/01/2001 to 01/31/2018  |u https://search.proquest.com/publication/32981